Nghiên cứu sử dụng nước biển nhân tạo trong sản xuất giống tôm sú (Penaeus monodon) qua hệ thống lọc sinh học : Luận văn tốt nghiệp Cao học ngành nuôi trồng thủy sản
Đề tài khảo sát ảnh hưởng của nước biển nhân tạo lên thời gian và tỷ lệ nở của trứng tôm sú, sự phát triển của ấu trùng,...
Shranjeno v:
| Glavni avtor: | |
|---|---|
| Format: | Knjiga |
| Jezik: | Undetermined |
| Izdano: |
Cần Thơ
Trường Đại học Cần Thơ
2004
|
| Teme: | |
| Oznake: |
Označite
Brez oznak, prvi označite!
|
| Thư viện lưu trữ: | Trung tâm Học liệu Trường Đại học Cần Thơ |
|---|
| LEADER | 01075nam a2200217Ia 4500 | ||
|---|---|---|---|
| 001 | CTU_161729 | ||
| 008 | 210402s9999 xx 000 0 und d | ||
| 082 | |a 639.68 | ||
| 082 | |b T311 | ||
| 088 | |a 606270 | ||
| 100 | |a Lê, Trí Tín | ||
| 245 | 0 | |a Nghiên cứu sử dụng nước biển nhân tạo trong sản xuất giống tôm sú (Penaeus monodon) qua hệ thống lọc sinh học : | |
| 245 | 0 | |b Luận văn tốt nghiệp Cao học ngành nuôi trồng thủy sản | |
| 245 | 0 | |c Lê Trí Tín ; Nguyễn Văn Hòa, Thạch Thanh (Cán bộ hướng dẫn) | |
| 260 | |a Cần Thơ | ||
| 260 | |b Trường Đại học Cần Thơ | ||
| 260 | |c 2004 | ||
| 520 | |a Đề tài khảo sát ảnh hưởng của nước biển nhân tạo lên thời gian và tỷ lệ nở của trứng tôm sú, sự phát triển của ấu trùng,... | ||
| 650 | |a Shrimps culture,Nuôi tôm | ||
| 904 | |i Trọng Hải | ||
| 980 | |a Trung tâm Học liệu Trường Đại học Cần Thơ | ||